000 00676nam a22002417a 4500
003 OSt
005 20220107122721.0
008 130822b xxu||||| |||| 00| 0 eng d
020 _a9780071792738
040 _cIIITM-K
082 _a503 WEI/E.4
245 _aMc Graw-Hill encyclopedia of science and technology.Vol.4:
_cedited by Jonathan Weil
_bCHE-COS
250 _a11th edition
260 _aUSA,
_bMc Graw-Hill,
_c2012.
300 _a840p.
650 _aSCIENCE
_92077
650 _aTECHNOLOGY
_92078
650 _aCOSMOLOGY
_92079
650 _aCLOUD PHYSICS
_92466
650 _aCOMMUNCATIONS SATELLITE
_92467
700 _aWeil, Jonathan
_92080
942 _2ddc
_cRBK
999 _c3288
_d3288